La República de Venezuela en la Exposición Ibero-Americana de Sevilla, 1929-1930. (Record no. 114703)

MARC details
000 -LEADER
campo de control de longitud fija 00551nam a2200157 i 4500
001 - NÚMERO DE CONTROL
campo de control 114703
003 - IDENTIFICADOR DE NÚMERO DE CONTROL
campo de control ES-MaACL
005 - FECHA Y HORA DE LA ÚLTIMA TRANSACCIÓN
campo de control 20230906190231.0
007 - CAMPO FIJO DE DESCRIPCIÓN FÍSICA--INFORMACIÓN GENERAL
campo de control de longitud fija t|
008 - DATOS DE LONGITUD FIJA--INFORMACIÓN GENERAL
campo de control de longitud fija 070321s1930 sp ||||1| spa d
245 03 - MENCIÓN DEL TÍTULO
Título La República de Venezuela en la Exposición Ibero-Americana de Sevilla, 1929-1930.
260 ## - PUBLICACIÓN, DISTRIBUCIÓN, ETC.
Lugar de publicación, distribución, etc. Madrid :
Nombre del editor, distribuidor, etc. [s.n.],
Fecha de publicación, distribución, etc. 1930 (
Fabricante Sucesores de Rivadeneyra)
300 ## - DESCRIPCIÓN FÍSICA
Extensión 160 p., 4 h. de lám., 1 map. pleg. :
Otras características físicas il. ;
Dimensiones 24 cm.
611 27 - PUNTO DE ACCESO ADICIONAL DE MATERIA--NOMBRE DE REUNIÓN/CONGRESO
Nombre de congreso/reunión o jurisdicción como elemento de entrada Exposición Ibero-Americana.
Fecha del congreso o de la firma del tratado 1929-1930.
Sede del congreso/Lugar de la reunión Sevilla)
9 (RLIN) 693
852 ## - LOCALIZACIÓN
Ubicación ES-MaACL
Número de control de estantería A-198
Sublocalización o colección R.9145
Holdings
Estatus retirado Estado de pérdida Estado de daño No para préstamo Biblioteca de origen Biblioteca actual Ubicación en estantería Fecha de adquisición Fuente de adquisición Total de préstamos Signatura topográfica completa Código de barras Visto por última vez Precio de reemplazo Tipo de ítem Koha
        Biblioteca del Ateneo de Madrid Biblioteca del Ateneo de Madrid Sala Pecera Planta 1 17/01/2008     A-198 1119615 23/02/2023 23/02/2023 Libro impreso